007580000a22002410004500003001100000008004100011020001500052040003900067041000800106100003100114245009000145260007200235300000900307490003000316650002100346650001800367650002200385650002200407650001900429650002900448650002100477650001800498LK-CoMWRAF230817t ||||| |||| 00| 0 eng d a9551066057 aLK-CoMWRAFdLK-CoMWRAFeLK-CoMWRAF aeng aSarvananthan, Muttukrishna aPoverty in the Conflict Affected Region of Sri Lanka: An AssessmentbWorking Paper 05 bPoint Pedro Institute of DevelopmentaPoint Pedro (Sri Lanka)c2005 ap.27 aPPID Working Paper Series aAbsolute Poverty aHuman Poverty aImpact of Tsunami aIncome Inequality aIncome Poverty aInternational Experience aRelative Poverty aVulnerability